Inter Milan 2020-21 Squad - Statistics

General Stats
  • This quiz has been taken 253 times
  • The average score is 20 of 27
Answer Stats
No. Position Nationality Answer % Correct
1 GK Slovenia Samir Handanović
97%
9 FW Belgium Romelu Lukaku
96%
10 FW Argentina Lautaro Martínez
94%
7 FW Chile Alexis Sánchez
93%
2 MF Morocco Achraf Hakimi
88%
22 MF Chile Arturo Vidal
88%
24 MF Denmark Christian Eriksen
88%
37 DF Slovakia Milan Škriniar
88%
77 MF Croatia Marcelo Brozović
87%
6 DF Netherlands Stefan de Vrij
87%
- Manager Italy Antonio Conte
86%
23 MF Italy Nicoló Barella
86%
95 DF Italy Alessandro Bastoni
81%
15 MF England Ashley Young
80%
14 MF Croatia Ivan Perišić
80%
8 MF Uruguay Matías Vecino
72%
11 DF Serbia Aleksandar Kolarov
70%
33 DF Italy Danilo D'Ambrosio
66%
36 DF Italy Matteo Darmian
65%
97 GK Romania Andrei Radu
63%
5 MF Italy Roberto Gagliardini
62%
12 MF Italy Stefano Sensi
60%
13 DF Italy Andrea Ranocchia
55%
44 MF Belgium Radja Nainggolan
54%
99 FW Italy Andrea Pinamonti
48%
27 GK Italy Daniele Padelli
48%
35 GK Serbia Filip Stanković
41%
No matching quizzes found
Score Distribution
Percent of People with Each Score
Percentile by Number Answered
Your Score History
You have not taken this quiz